000 00329nam a2200121Ia 4500
008 190216s9999||||xx |||||||||||||| ||und||
100 _aStalin Malhotra
245 0 _aMultiple Choice Questions In Physics For Competative Exams
260 _bTata Mcgrawhill Publishers
_c1992
300 _a288p
650 _aPhysics
942 _cREF
999 _c36202
_d36202